[Event "FICGS rapid D 000119 email"]
[Site "FICGS email"]
[Date "2018.10.20"]
[Round "1"]
[White "Hadden, John"]
[Black "Bizet, Patrick"]
[Result "0-1"]
[WhiteElo "1421"]
[BlackElo "1543"]
[PlyCount "86"]
[EventDate "2018.??.??"]
[EventType "tourn (rapid)"]
[EventRounds "5"]
[SourceTitle "Corr 2022"]
[Source "ChessBase"]
[SourceDate "2021.10.24"]
[SourceVersion "1"]
[SourceVersionDate "2021.10.24"]
[SourceQuality "1"]

1. d4 Nf6 2. Nf3 b6 3. Bg5 Bb7 4. e3 d6 5. Nc3 Nbd7 6. Be2 h6 7. Bxf6 Nxf6 8. 0-0 g6 9. a3 Bg7 10. b4 0-0 11. Qd3 Re8 12. e4 e5 13. d5 a6 14. a4 Rf8 15. a5 b5 16. Rac1 Nh5 17. Nd2 Nf4 18. Qf3 Nxe2+ 19. Nxe2 f5 20. c4 c6 21. exf5 Rxf5 22. Qg4 Rg5 23. Qe6+ Kh7 24. Qh3 cxd5 25. cxd5 Bxd5 26. Nf3 Bxf3 27. Qxf3 Rf5 28. Qe4 Ra7 29. Ng3 Rf4 30. Qe3 Raf7 31. Rc6 d5 32. Rxa6 h5 33. Rb6 Qd7 34. Ne2 Re4 35. Qd3 Rc4 36. Rb1 e4 37. Qg3 Bf6 38. h3 Rc2 39. Nf4 Qf5 40. Rxb5 Rd2 41. Qe3 d4 42. Qb3 Bg5 43. Nd5 Qxf2+ 0-1

[Event "FICGS class D 000203 email"]
[Site "FICGS email"]
[Date "2014.02.10"]
[Round "1"]
[White "Bizet, Patrick"]
[Black "Budnar, Milos"]
[Result "1/2-1/2"]
[WhiteElo "1527"]
[BlackElo "1489"]
[PlyCount "47"]
[EventDate "2014.??.??"]
[EventType "tourn (corr)"]
[EventRounds "6"]
[SourceTitle "Corr 2022"]
[Source "ChessBase"]
[SourceDate "2021.10.24"]
[SourceVersion "1"]
[SourceVersionDate "2021.10.24"]
[SourceQuality "1"]

1. e4 e5 2. Nf3 Nc6 3. d4 exd4 4. Nxd4 Nf6 5. Nc3 Bb4 6. Bg5 Qe7 7. Bxf6 Bxc3+ 8. bxc3 Qxf6 9. Bc4 0-0 10. 0-0 Ne5 11. Bb3 c5 12. Nf3 Nxf3+ 13. Qxf3 Qxf3 14. gxf3 Kh8 15. Rad1 f6 16. Rd6 Rb8 17. a4 b5 18. axb5 Rxb5 19. Rfd1 Ra5 20. h4 g5 21. hxg5 fxg5 22. Kg2 Kg7 23. R1d5 h6 24. Kg3 1/2-1/2

[Event "FICGS class D 000203 email"]
[Site "FICGS email"]
[Date "2014.02.10"]
[Round "1"]
[White "Bizet, Patrick"]
[Black "Rozanski, Robert"]
[Result "1-0"]
[WhiteElo "1527"]
[BlackElo "1540"]
[PlyCount "31"]
[EventDate "2014.??.??"]
[EventType "tourn (corr)"]
[EventRounds "6"]
[SourceTitle "Corr 2022"]
[Source "ChessBase"]
[SourceDate "2021.10.24"]
[SourceVersion "1"]
[SourceVersionDate "2021.10.24"]
[SourceQuality "1"]

1. e4 c5 2. Nf3 d6 3. d4 cxd4 4. Nxd4 Nf6 5. Nc3 a6 6. Be2 e5 7. Nf3 Be7 8. a4 Nc6 9. 0-0 0-0 10. Bg5 Nd7 11. Qd2 Bxg5 12. Nxg5 Nb6 13. f4 exf4 14. Qxf4 Qe7 15. Rf3 Ne5 16. Rg3 1-0

[Event "FICGS class D 000203 email"]
[Site "FICGS email"]
[Date "2014.02.10"]
[Round "1"]
[White "Joubert, Hennie"]
[Black "Bizet, Patrick"]
[Result "0-1"]
[WhiteElo "1442"]
[BlackElo "1527"]
[PlyCount "52"]
[EventDate "2014.??.??"]
[EventType "tourn (corr)"]
[EventRounds "6"]
[SourceTitle "Corr 2022"]
[Source "ChessBase"]
[SourceDate "2021.10.24"]
[SourceVersion "1"]
[SourceVersionDate "2021.10.24"]
[SourceQuality "1"]

1. e4 e5 2. Nf3 Nc6 3. Bc4 Bc5 4. d4 exd4 5. c3 dxc3 6. Bxf7+ Kxf7 7. Qd5+ Ke8 8. Qxc5 d6 9. Qc4 Qe7 10. 0-0 Be6 11. Qxc3 Nf6 12. Bg5 Rf8 13. Nbd2 Kf7 14. e5 Nxe5 15. Nxe5+ dxe5 16. Qxe5 Rad8 17. Ne4 Rd5 18. Qc3 Nxe4 19. Bxe7 Nxc3 20. Bxf8 Ne2+ 21. Kh1 Kxf8 22. Rfe1 Re5 23. Rad1 Ke7 24. Rd2 Ng3+ 25. hxg3 Rxe1+ 26. Kh2 Bxa2 0-1

[Event "FICGS class D 000189 email"]
[Site "FICGS email"]
[Date "2012.12.11"]
[Round "1"]
[White "Bizet, Patrick"]
[Black "Pech, Jaroslav Senior"]
[Result "1-0"]
[WhiteElo "1558"]
[BlackElo "1429"]
[PlyCount "25"]
[EventDate "2012.??.??"]
[EventType "tourn (corr)"]
[EventRounds "6"]
[SourceTitle "Corr 2022"]
[Source "ChessBase"]
[SourceDate "2021.10.24"]
[SourceVersion "1"]
[SourceVersionDate "2021.10.24"]
[SourceQuality "1"]

1. e4 e5 2. Nf3 Nc6 3. d4 exd4 4. Nxd4 Bc5 5. Be3 Qf6 6. c3 Nge7 7. Bc4 0-0 8. b4 Bxd4 9. Bxd4 Nxd4 10. Qxd4 Qf4 11. 0-0 Nc6 12. Qe3 Qxe3 13. fxe3 1-0

[Event "FICGS rapid C 000107 email"]
[Site "FICGS email"]
[Date "2012.09.18"]
[Round "1"]
[White "Arteau, Benoit"]
[Black "Bizet, Patrick"]
[Result "1/2-1/2"]
[WhiteElo "1519"]
[BlackElo "1541"]
[PlyCount "31"]
[EventDate "2012.??.??"]
[EventType "tourn (rapid)"]
[EventRounds "4"]
[SourceTitle "Corr 2022"]
[Source "ChessBase"]
[SourceDate "2021.10.24"]
[SourceVersion "1"]
[SourceVersionDate "2021.10.24"]
[SourceQuality "1"]

1. d4 Nf6 2. c4 e6 3. Nf3 Bb4+ 4. Bd2 Bxd2+ 5. Nbxd2 0-0 6. e4 d5 7. Bd3 dxe4 8. Nxe4 Nbd7 9. 0-0 Nxe4 10. Bxe4 c5 11. Re1 Rb8 12. Rc1 b6 13. Qc2 h6 14. d5 exd5 15. Bxd5 Nf6 16. Rcd1 1/2-1/2

[Event "FICGS rapid C 000107 email"]
[Site "FICGS email"]
[Date "2012.09.18"]
[Round "1"]
[White "Bizet, Patrick"]
[Black "Dikant, Christophe"]
[Result "0-1"]
[WhiteElo "1541"]
[BlackElo "1601"]
[PlyCount "70"]
[EventDate "2012.??.??"]
[EventType "tourn (rapid)"]
[EventRounds "4"]
[SourceTitle "Corr 2022"]
[Source "ChessBase"]
[SourceDate "2021.10.24"]
[SourceVersion "1"]
[SourceVersionDate "2021.10.24"]
[SourceQuality "1"]

1. e4 d5 2. exd5 Nf6 3. d4 Bg4 4. Nf3 Qxd5 5. Be2 Nc6 6. c4 Qf5 7. a3 0-0-0 8. Be3 e5 9. d5 Bxf3 10. Bxf3 e4 11. Be2 Ne5 12. Qa4 a6 13. Nd2 Neg4 14. 0-0 Nxe3 15. fxe3 Qg5 16. Qb3 Bc5 17. Rf4 Rhe8 18. Qc3 Qh6 19. Nb3 Bd6 20. g3 Bxf4 21. gxf4 Qh4 22. Qe1 Qxe1+ 23. Rxe1 Rd6 24. Nd4 g6 25. b4 h5 26. Nb3 Ng4 27. Bxg4+ hxg4 28. Rd1 c6 29. Kf2 cxd5 30. c5 Rdd8 31. Kg3 f5 32. h3 gxh3 33. Kxh3 Rh8+ 34. Kg3 Rh5 35. Nd4 Rdh8 0-1

[Event "FICGS class D 000186 email"]
[Site "FICGS email"]
[Date "2012.09.05"]
[Round "1"]
[White "Plunkett, Louis"]
[Black "Bizet, Patrick"]
[Result "0-1"]
[WhiteElo "1510"]
[BlackElo "1541"]
[PlyCount "88"]
[EventDate "2012.??.??"]
[EventType "tourn (corr)"]
[EventRounds "6"]
[SourceTitle "Corr 2022"]
[Source "ChessBase"]
[SourceDate "2021.10.24"]
[SourceVersion "1"]
[SourceVersionDate "2021.10.24"]
[SourceQuality "1"]

1. d4 Nf6 2. Nc3 d5 3. e4 dxe4 4. f3 exf3 5. Qxf3 e6 6. Bd3 Nc6 7. Nge2 Be7 8. 0-0 Nxd4 9. Nxd4 Qxd4+ 10. Be3 Qb4 11. Nb5 0-0 12. Bg5 c6 13. c3 Bc5+ 14. Kh1 Qg4 15. Bxf6 Qxf3 16. Rxf3 gxf6 17. Na3 Bxa3 18. bxa3 f5 19. Rb1 b6 20. Rb4 Kg7 21. Rh4 Rh8 22. g4 Kf6 23. gxf5 e5 24. Be4 h5 25. Bxc6 Rb8 26. Be4 Bb7 27. Bxb7 Rxb7 28. Rc4 Rd7 29. Rc6+ Kg5 30. Rf2 e4 31. Kg1 Rd1+ 32. Kg2 e3 33. Re2 Re8 34. Rc7 f6 35. Rxa7 Kxf5 36. Rg7 Kf4 37. Rg3 Rd3 38. Rf3+ Ke4 39. Rxf6 Rd1 40. Rxb6 Kd3 41. Rbb2 Rg8+ 42. Kf3 Rf8+ 43. Kg2 Rd2 44. Rexd2+ exd2 0-1

[Event "FICGS class D 000178 email"]
[Site "FICGS email"]
[Date "2011.12.29"]
[Round "1"]
[White "Bizet, Patrick"]
[Black "Chang, Henk"]
[Result "1-0"]
[WhiteElo "1546"]
[BlackElo "1445"]
[PlyCount "25"]
[EventDate "2011.??.??"]
[EventType "tourn (corr)"]
[EventRounds "6"]
[SourceTitle "Corr 2022"]
[Source "ChessBase"]
[SourceDate "2021.10.24"]
[SourceVersion "1"]
[SourceVersionDate "2021.10.24"]
[SourceQuality "1"]

1. e4 c5 2. Nc3 e6 3. b3 Nc6 4. Bb2 Nf6 5. Nf3 Be7 6. Be2 0-0 7. 0-0 Qc7 8. Re1 b6 9. Bf1 Bb7 10. Nb5 Qb8 11. e5 Ne8 12. c4 d5 13. cxd5 1-0

[Event "FICGS rapid C 000103 email"]
[Site "FICGS email"]
[Date "2011.12.15"]
[Round "1"]
[White "Nudo, Davide"]
[Black "Bizet, Patrick"]
[Result "1-0"]
[WhiteElo "1634"]
[BlackElo "1546"]
[PlyCount "49"]
[EventDate "2011.??.??"]
[EventType "tourn (rapid)"]
[EventRounds "4"]
[SourceTitle "Corr 2022"]
[Source "ChessBase"]
[SourceDate "2021.10.24"]
[SourceVersion "1"]
[SourceVersionDate "2021.10.24"]
[SourceQuality "1"]

1. d4 Nf6 2. c4 g6 3. Nc3 Bg7 4. Nf3 0-0 5. e4 d6 6. Be2 e5 7. dxe5 dxe5 8. Qxd8 Rxd8 9. Bg5 Re8 10. a3 c6 11. h3 Na6 12. Be3 Nc7 13. 0-0 b6 14. Rad1 Bb7 15. Rfe1 Nh5 16. Rd7 Rac8 17. b4 Red8 18. Red1 Rxd7 19. Rxd7 Nf6 20. Rd1 Re8 21. c5 b5 22. Rd3 Bc8 23. Rd6 Bd7 24. Bg5 Re6 25. Bxf6 1-0

[Event "FICGS class D 000171 email"]
[Site "FICGS email"]
[Date "2011.06.25"]
[Round "1"]
[White "Bizet, Patrick"]
[Black "Prie, Eric"]
[Result "0-1"]
[WhiteElo "1428"]
[BlackElo "1528"]
[PlyCount "42"]
[EventDate "2011.??.??"]
[EventType "tourn (corr)"]
[EventRounds "6"]
[SourceTitle "Corr 2013"]
[Source "ChessBase"]
[SourceDate "2012.11.12"]
[SourceVersion "1"]
[SourceVersionDate "2012.11.12"]
[SourceQuality "1"]

1. e4 e5 2. Nf3 Nc6 3. Bb5 Nf6 4. 0-0 a6 5. Ba4 Nxe4 6. Re1 Nc5 7. Bxc6 dxc6 8. Nxe5 Ne6 9. d3 Be7 10. Nc3 0-0 11. f4 Nd4 12. Ne4 Bd6 13. Re3 Nf5 14. Rh3 Nh6 15. Rxh6 gxh6 16. Qh5 f5 17. Nxd6 Qxd6 18. b3 Be6 19. Bb2 Bf7 20. Qxf5 Bg6 21. Nxg6 Rxf5 0-1

[Event "FICGS class D 000171 email"]
[Site "FICGS email"]
[Date "2011.06.25"]
[Round "1"]
[White "Krakovsky, Peter"]
[Black "Bizet, Patrick"]
[Result "0-1"]
[WhiteElo "1496"]
[BlackElo "1428"]
[PlyCount "32"]
[EventDate "2011.??.??"]
[EventType "tourn (corr)"]
[EventRounds "6"]
[SourceTitle "Corr 2013"]
[Source "ChessBase"]
[SourceDate "2012.11.12"]
[SourceVersion "1"]
[SourceVersionDate "2012.11.12"]
[SourceQuality "1"]

1. e4 c5 2. Nf3 e6 3. d4 cxd4 4. Nxd4 d6 5. Nc3 Nc6 6. Be3 Be7 7. f3 Nf6 8. Qd2 a6 9. 0-0-0 Bd7 10. g4 0-0 11. g5 Nh5 12. f4 g6 13. Be2 Ng7 14. h4 f5 15. h5 gxh5 16. Bxh5 Be8 0-1

[Event "FICGS class D 000168 email"]
[Site "FICGS email"]
[Date "2011.03.24"]
[Round "1"]
[White "Plunkett, Louis"]
[Black "Bizet, Patrick"]
[Result "0-1"]
[WhiteElo "1598"]
[BlackElo "1408"]
[PlyCount "98"]
[EventDate "2011.??.??"]
[EventType "tourn (corr)"]
[EventRounds "1"]
[SourceTitle "Corr 2013"]
[Source "ChessBase"]
[SourceDate "2012.11.12"]
[SourceVersion "1"]
[SourceVersionDate "2012.11.12"]
[SourceQuality "1"]

1. f4 e5 2. fxe5 c5 3. Nf3 Nc6 4. e4 Qc7 5. Bc4 Nxe5 6. Nxe5 Qxe5 7. Qe2 Nf6 8. Nc3 a6 9. a4 Bd6 10. d3 b6 11. Nd5 Nxd5 12. Bxd5 Rb8 13. c3 Bb7 14. d4 cxd4 15. cxd4 Qxd4 16. Be3 Qb4+ 17. Bd2 Qxb2 18. 0-0 0-0 19. Rab1 Qd4+ 20. Be3 Qxa4 21. Ra1 Qb4 22. Bxb7 Rxb7 23. Qf3 Bc5 24. Rxa6 Bxe3+ 25. Qxe3 Qc5 26. Re1 Re8 27. Kh1 Qxe3 28. Rxe3 f5 29. e5 Kf7 30. Raa3 b5 31. Kg1 d6 32. exd6 Rxe3 33. Rxe3 b4 34. Rd3 Ke8 35. Kf2 b3 36. d7+ Kd8 37. Rd1 b2 38. Rb1 Kxd7 39. Ke2 Ke6 40. Kd2 f4 41. Kc2 Ke5 42. Kd3 g5 43. Kc2 g4 44. Kd3 h5 45. Kd2 Kd4 46. Kd1 Ke3 47. Ke1 f3 48. gxf3 gxf3 49. Kf1 f2 0-1

[Event "FICGS class E 000134 email"]
[Site "FICGS email"]
[Date "2011.02.12"]
[Round "1"]
[White "Bizet, Patrick"]
[Black "Barradas, Anderson"]
[Result "1-0"]
[WhiteElo "1360"]
[BlackElo "1236"]
[PlyCount "53"]
[EventDate "2011.??.??"]
[EventType "tourn (corr)"]
[EventRounds "6"]
[SourceTitle "Corr 2013"]
[Source "ChessBase"]
[SourceDate "2012.11.12"]
[SourceVersion "1"]
[SourceVersionDate "2012.11.12"]
[SourceQuality "1"]

1. e4 c5 2. Nf3 e6 3. d4 cxd4 4. Nxd4 Bc5 5. Nb3 Bb4+ 6. c3 Be7 7. c4 Nc6 8. Nc3 Nf6 9. Be2 Bb4 10. Bf3 0-0 11. 0-0 Ne5 12. Qe2 b6 13. Bg5 h6 14. Bh4 g5 15. Bg3 Nc6 16. e5 Nh7 17. Rad1 a5 18. Bxc6 Ra7 19. Nb5 Ra6 20. f4 Bc5+ 21. Kh1 Qe7 22. Be4 Rd8 23. f5 d5 24. f6 Qb7 25. Qh5 Qc6 26. Qxh6 Nxf6 27. exf6 1-0

[Event "FICGS class E 000134 email"]
[Site "FICGS email"]
[Date "2011.02.12"]
[Round "1"]
[White "Bizet, Patrick"]
[Black "Quanter, Kirsty"]
[Result "0-1"]
[WhiteElo "1360"]
[BlackElo "1390"]
[PlyCount "40"]
[EventDate "2011.??.??"]
[EventType "tourn (corr)"]
[EventRounds "6"]
[SourceTitle "Corr 2013"]
[Source "ChessBase"]
[SourceDate "2012.11.12"]
[SourceVersion "1"]
[SourceVersionDate "2012.11.12"]
[SourceQuality "1"]

1. e4 e5 2. Nf3 Nc6 3. Bb5 Bc5 4. c3 Nf6 5. d3 0-0 6. Bxc6 bxc6 7. Nxe5 d5 8. d4 Qe7 9. 0-0 dxe4 10. Nxc6 Qe6 11. Ne5 Bd6 12. f4 exf3 13. Qxf3 Rb8 14. Re1 Re8 15. Nd2 Ng4 16. Ndc4 Qxc4 17. Bd2 Nxe5 18. dxe5 Bc5+ 19. Kh1 Rxb2 20. Bh6 Bb7 0-1

[Event "FICGS rapid D 000047 email"]
[Site "FICGS email"]
[Date "2010.11.08"]
[Round "1"]
[White "Bizet, Patrick"]
[Black "Budnar, Milos"]
[Result "1-0"]
[WhiteElo "1339"]
[BlackElo "1351"]
[PlyCount "71"]
[EventDate "2010.??.??"]
[EventType "tourn (rapid)"]
[EventRounds "6"]
[SourceTitle "Corr 2013"]
[Source "ChessBase"]
[SourceDate "2012.11.12"]
[SourceVersion "1"]
[SourceVersionDate "2012.11.12"]
[SourceQuality "1"]

1. e4 e5 2. Nf3 Nf6 3. Nxe5 d6 4. Nf3 Nxe4 5. d3 Nf6 6. d4 h6 7. Be2 Bg4 8. c4 Be7 9. Qb3 0-0 10. Qxb7 Nbd7 11. Nc3 c5 12. Qb3 Qb6 13. Qxb6 axb6 14. d5 Bxf3 15. Bxf3 Ne5 16. Be2 Nh7 17. 0-0 f5 18. f4 Nd7 19. Re1 g6 20. Nb5 Rac8 21. Bd2 Rf7 22. a4 Bf8 23. a5 bxa5 24. Rxa5 Nhf6 25. Bd3 Re8 26. Ra6 Rxe1+ 27. Bxe1 Ne8 28. Ba5 Ndf6 29. b4 Re7 30. Kf2 Rd7 31. bxc5 dxc5 32. h3 Nd6 33. Nxd6 Rxd6 34. Rc6 h5 35. Bb6 Rxc6 36. dxc6 1-0

[Event "FICGS rapid D 000047 email"]
[Site "FICGS email"]
[Date "2010.11.08"]
[Round "1"]
[White "Leurette, Marc Antoine"]
[Black "Bizet, Patrick"]
[Result "1-0"]
[WhiteElo "1465"]
[BlackElo "1339"]
[PlyCount "71"]
[EventDate "2010.??.??"]
[EventType "tourn (rapid)"]
[EventRounds "6"]
[SourceTitle "Corr 2013"]
[Source "ChessBase"]
[SourceDate "2012.11.12"]
[SourceVersion "1"]
[SourceVersionDate "2012.11.12"]
[SourceQuality "1"]

1. e4 c5 2. Nf3 d6 3. Bb5+ Nd7 4. d4 cxd4 5. Qxd4 a6 6. Bxd7+ Bxd7 7. Nc3 e5 8. Qd3 Be7 9. 0-0 h6 10. Be3 b5 11. b4 Qc7 12. Nd5 Qb7 13. Nb6 Rd8 14. Nxd7 Rxd7 15. a4 Nf6 16. axb5 Qxb5 17. Rab1 Qxd3 18. cxd3 Bd8 19. Ra1 a5 20. bxa5 Rb7 21. a6 Rb8 22. Rfb1 Ra8 23. a7 Bc7 24. Rb7 Kd7 25. Rc1 Rhc8 26. Bb6 Ne8 27. d4 f6 28. dxe5 fxe5 29. Ba5 Kd8 30. Bb4 g5 31. Nxe5 dxe5 32. Rd1+ Nd6 33. Bxd6 Bxd6 34. Rxd6+ Ke8 35. g4 Rd8 36. Rxh6 1-0

[Event "FICGS rapid D 000047 email"]
[Site "FICGS email"]
[Date "2010.11.08"]
[Round "1"]
[White "Marques, Joao Paulo Cassemir"]
[Black "Bizet, Patrick"]
[Result "1-0"]
[WhiteElo "1339"]
[BlackElo "1339"]
[PlyCount "43"]
[EventDate "2010.??.??"]
[EventType "tourn (rapid)"]
[EventRounds "6"]
[SourceTitle "Corr 2013"]
[Source "ChessBase"]
[SourceDate "2012.11.12"]
[SourceVersion "1"]
[SourceVersionDate "2012.11.12"]
[SourceQuality "1"]

1. e4 c5 2. Nf3 d6 3. d4 cxd4 4. Nxd4 Nf6 5. Nc3 a6 6. Be2 e5 7. Nf3 Be6 8. 0-0 Be7 9. Bg5 Nbd7 10. Qd2 h6 11. Bh4 0-0 12. Rad1 b5 13. a3 Qb6 14. h3 Rfd8 15. Kh1 Qb7 16. Qe3 Qb6 17. Qxb6 Nxb6 18. Rd2 g5 19. Bg3 Nh5 20. Bh2 f5 21. exf5 Bxf5 22. g4 1-0

[Event "FICGS class E 000130 email"]
[Site "FICGS email"]
[Date "2010.11.02"]
[Round "1"]
[White "Bizet, Patrick"]
[Black "Gramajo, Francisco"]
[Result "1-0"]
[WhiteElo "1339"]
[BlackElo "1234"]
[PlyCount "61"]
[EventDate "2010.??.??"]
[EventType "tourn (corr)"]
[EventRounds "1"]
[SourceTitle "Corr 2013"]
[Source "ChessBase"]
[SourceDate "2012.11.12"]
[SourceVersion "1"]
[SourceVersionDate "2012.11.12"]
[SourceQuality "1"]

1. e4 g6 2. d4 Bg7 3. c4 c6 4. Nc3 d5 5. cxd5 cxd5 6. exd5 Nf6 7. Bc4 a6 8. a4 0-0 9. Qb3 Nbd7 10. a5 e5 11. Be3 exd4 12. Bxd4 b5 13. axb6 Qe7+ 14. Nge2 Nc5 15. Bxc5 Qxc5 16. Na4 Qe7 17. 0-0 Bg4 18. Nd4 Rfb8 19. Nc6 Qd6 20. Nxb8 Qxb8 21. Nc5 a5 22. b7 Ra7 23. Qb6 Bf8 24. Rxa5 Bxc5 25. Rxa7 Bxb6 26. Ra8 Nd7 27. Re1 Kf8 28. h3 Bf5 29. g4 Kg7 30. Rxb8 Nxb8 31. gxf5 1-0

[Event "FICGS rapid D 000046 email"]
[Site "FICGS email"]
[Date "2010.10.10"]
[Round "1"]
[White "Bizet, Patrick"]
[Black "Meraiya, Harshil Arunkumar"]
[Result "0-1"]
[WhiteElo "1326"]
[BlackElo "1400"]
[PlyCount "44"]
[EventDate "2010.??.??"]
[EventType "tourn (rapid)"]
[EventRounds "6"]
[SourceTitle "Corr 2013"]
[Source "ChessBase"]
[SourceDate "2012.11.12"]
[SourceVersion "1"]
[SourceVersionDate "2012.11.12"]
[SourceQuality "1"]

1. e4 c5 2. Nf3 Nc6 3. d4 cxd4 4. Nxd4 Nf6 5. Nc3 e5 6. Ndb5 d6 7. Bg5 h6 8. Bxf6 gxf6 9. Qd2 a6 10. Na3 h5 11. Nd5 Be6 12. Nc4 Bh6 13. Nce3 0-0 14. 0-0-0 Rc8 15. c3 b5 16. Kb1 f5 17. f3 fxe4 18. fxe4 b4 19. h3 Bxd5 20. exd5 Ne7 21. c4 Nf5 22. Re1 Qb6 0-1

[Event "FICGS rapid D 000046 email"]
[Site "FICGS email"]
[Date "2010.10.10"]
[Round "1"]
[White "Leurette, Marc Antoine"]
[Black "Bizet, Patrick"]
[Result "1-0"]
[WhiteElo "1497"]
[BlackElo "1326"]
[PlyCount "61"]
[EventDate "2010.??.??"]
[EventType "tourn (rapid)"]
[EventRounds "6"]
[SourceTitle "Corr 2013"]
[Source "ChessBase"]
[SourceDate "2012.11.12"]
[SourceVersion "1"]
[SourceVersionDate "2012.11.12"]
[SourceQuality "1"]

1. e4 e5 2. Nf3 Nc6 3. Bc4 Bc5 4. d4 Bxd4 5. Nxd4 Nxd4 6. 0-0 d6 7. c3 Nc6 8. Bd5 h6 9. b4 Nf6 10. Qa4 Bd7 11. b5 Nxd5 12. exd5 Ne7 13. Qc4 c6 14. bxc6 bxc6 15. dxc6 Bxc6 16. Be3 a5 17. f4 e4 18. Nd2 d5 19. Qd4 Nf5 20. Qe5+ Ne7 21. Qxg7 Rg8 22. Qxh6 Rg6 23. Qh5 Qd6 24. f5 Rf6 25. Bf4 Qc5+ 26. Kh1 Rxf5 27. Qh8+ Kd7 28. Qh3 Rg8 29. Be3 Qxc3 30. Rxf5 Qxa1+ 31. Rf1+ 1-0

[Event "FICGS class E 000128 email"]
[Site "FICGS email"]
[Date "2010.09.07"]
[Round "1"]
[White "Stoyanov, Zdravko"]
[Black "Bizet, Patrick"]
[Result "0-1"]
[WhiteElo "1263"]
[BlackElo "1326"]
[PlyCount "58"]
[EventDate "2010.??.??"]
[EventType "tourn (corr)"]
[EventRounds "1"]
[SourceTitle "Corr 2013"]
[Source "ChessBase"]
[SourceDate "2012.11.12"]
[SourceVersion "1"]
[SourceVersionDate "2012.11.12"]
[SourceQuality "1"]

1. e4 e5 2. Nf3 Nc6 3. a3 Nf6 4. d3 d5 5. Bg5 Be6 6. Be2 Be7 7. h3 0-0 8. Nc3 Re8 9. 0-0 d4 10. Nb1 Nd7 11. Bxe7 Nxe7 12. Re1 c5 13. c4 f5 14. Ng5 Qb6 15. Nxe6 Qxe6 16. Qb3 b6 17. Bh5 Rf8 18. Nd2 Nf6 19. Bf3 f4 20. Qd1 g5 21. b4 Kg7 22. Bh5 Kh6 23. Bf3 Rg8 24. b5 Rg6 25. Kh2 Rag8 26. Rg1 g4 27. hxg4 Nxg4+ 28. Bxg4 Rxg4 29. Nf3 Qg6 0-1